| 000 | 01264nam a22002297a 4500 | ||
|---|---|---|---|
| 999 |
_c61869 _d61869 |
||
| 003 | Ge_BSU | ||
| 005 | 20240530165719.0 | ||
| 008 | 240530s1998 ge ||||| |||| 00| 0 geo d | ||
| 041 | _ageo | ||
| 080 | _a61(076.3) ზ-76 | ||
| 245 |
_a"ზოგადი პროფილის ექიმი-პროფილაქტიკოსი" : _bსასერტიფიკაციო გამოცდის ტესტ-კითხვარი / _cშემდგ.: რ. სააკაძე, მ. ყურაშვილი, მ. ზურაბაშვილი [და სხვ.] ; რედ. ა. კეკელიძე |
||
| 264 |
_aთბ., _c 1998. |
||
| 300 |
_a218 გვ. ; _b28 სმ. |
||
| 700 |
_aსააკაძე, რ., _eშემდგ. _922252 |
||
| 700 |
_aყურაშვილი, მ., _eშემდგ. _922253 |
||
| 700 |
_aზურაბაშვილი, მ., _eშემდგ. _922254 |
||
| 700 |
_aგელაშვილი, კლ., _eშემდგ. _922255 |
||
| 700 |
_aთოდუა, თ., _eშემდგ. _922256 |
||
| 700 |
_aმჭედლიშვილი, ი., _eშემდგ. _94853 |
||
| 700 |
_aკეკელიძე, ა., _eრედ. _918726 |
||
| 942 |
_2udc _cᲬᲘᲒᲜᲘ |
||